| 000 | 00343nam a2200133Ia 4500 | ||
|---|---|---|---|
| 008 | 191201s2005 xx 000 0 und d | ||
| 082 | _a621.380433LAS | ||
| 100 | _aLATHI, B P | ||
| 245 | 0 | _aSignal Processing and Linear Systems | |
| 260 |
_aN.Delhi _bOxford University Press _c2005 |
||
| 300 | _a850 | ||
| 650 | _aB.Tech(ECE) | ||
| 942 |
_2ddc _cBK |
||
| 999 |
_c1553 _d1553 |
||